Bahan seminar management ; (Record no. 76113)

MARC details
000 -LEADER
fixed length control field 00726cam a22002411i 4500
001 - CONTROL NUMBER
control field sa 67006703
003 - CONTROL NUMBER IDENTIFIER
control field DLC
005 - DATE AND TIME OF LATEST TRANSACTION
control field 20260227112409.0
008 - FIXED-LENGTH DATA ELEMENTS--GENERAL INFORMATION
fixed length control field 830604m19609999io 000 0 ind
010 ## - LIBRARY OF CONGRESS CONTROL NUMBER
LC control number sa 67006703
035 ## - SYSTEM CONTROL NUMBER
System control number (OCoLC)9577789
040 ## - CATALOGING SOURCE
Original cataloging agency DLC
Transcribing agency OAU
Modifying agency DLC
041 0# - LANGUAGE CODE
Language code of text/sound track or separate title engind
042 ## - AUTHENTICATION CODE
Authentication code premarc
043 ## - GEOGRAPHIC AREA CODE
Geographic area code a-io---
050 00 - LIBRARY OF CONGRESS CALL NUMBER
Classification number HD70.I5
Item number S9
100 0# - MAIN ENTRY--PERSONAL NAME
Personal name Subroto.
245 10 - TITLE STATEMENT
Title Bahan seminar management ;
Remainder of title tahun kuliah 1964-1965, Fakultas Ekonomi U. I. /
Statement of responsibility, etc. Subroto [dan] Moh. Sadli.
260 ## - PUBLICATION, DISTRIBUTION, ETC.
Place of publication, distribution, etc. [Djakarta] :
Name of publisher, distributor, etc. Jajasan Badan Penerbit, Fakultas Ekonomi U.I.,
Date of publication, distribution, etc. 196?-
300 ## - PHYSICAL DESCRIPTION
Extent v. ;
Dimensions 33 cm.
650 #0 - SUBJECT ADDED ENTRY--TOPICAL TERM
Topical term or geographic name entry element Industrial management
Geographic subdivision Indonesia.
700 1# - ADDED ENTRY--PERSONAL NAME
Personal name Sadli, Mohammad,
Relator term joint author.

No items available.

Powered by Koha